000 00611nam a22001935i 4500
001 48093
003 ES-MaACL
005 20230906161707.0
007 t|
008 940301m18801883fr ||||1| fre d
040 _aCAM
_bspa
100 1 _aCurtius, Ernst.
_942251
245 1 0 _aHistoire grecque /
_cErnest Curtius ; traduite de l'allemand sur la cinquieme édition par A. Bouché-Leclercq.
260 _aParis :
_b[s.n.],
_c1880-1883 (
_fImp. Ernest Leroux)
300 _a5 v. (487, [2] p. ) ;
_c25 cm.
700 1 _aBouché-Leclercq, Auguste.
_930831
852 _aES-MaACL
_jG-5703-7
999 _c48093
_d48093